000 00659nam a2200205 i 4500
001 32392
003 ES-MaACL
005 20250828000901.0
007 t|
008 030131s1965 sp ||||1| spa d
100 1 _aBenito Ruano, Eloy.
_927689
245 1 0 _aAlgunas rentas de Jorge Manrique /
_cEloy Benito Ruano.
260 _aMadrid :
_bInstituto Jerónimo Zurita,
_c1965.
300 _a9 p. ;
_c24 cm.
500 _aEs separata de: Hispania, t. XXV, (1965), p. 113-119.
600 0 _aManrique, Jorge,
_d1440?-1479
_9178074
710 2 _aInstituto Jerónimo Zurita
_95106
852 _aES-MaACL
_j2053-F-29
_bR.61522
999 _c32392
_d32392